000 00544nam a22001937a 4500
003 KOHA_MİRAKIL
005 20250414144736.0
008 250414b tu ||||| |||| 00| 0 tur d
020 _a9789750842481
040 _aTR-AnABB
_btur
_cTR-AnABB
041 _atur
082 _a813.42
_bADA 2020
100 1 _aAdalı, Bilgin,
245 1 0 _aDünya artık daha güzel /
_cBilgin Adalı
260 _aİstanbul :
_bYapı Kredi Yayınları,
_c2020
300 _a131 sayfa ;
_c21 cm
650 0 4 _aTürk edebiyatı, roman
942 _2ddc
_cBK
999 _c8676
_d8676
900 _bGizem YORULMAZ